000 00772nam a2200241Ia 4500
005 20220316235936.0
008 141017s1994 ck a gr 000 0 spa
020 _a9580427739
041 0 _aspa
082 0 4 _a155.4
_bB71S
100 1 _aBrazelton, T. Berry
245 1 0 _aSu hijo
_bmomentos claves en su desarrollo desde el período prenatal hasta los seis años
_cT. Berry Brazelton
250 _aPrimera edición
300 _a542 páginas
_bilustraciones
_c24 cm
650 1 4 _aNiños
_xCuidado e higiene
_2LEMB
650 1 4 _aPediatría
_2LEMB
942 _2ddc
_cBK
264 _aBogotá
_bNorma
_c1994
336 _atexto
_btxt
_2rdacontent
337 _asin mediación
_bn
_2rdamedia
338 _avolumen
_bnc
_2rdacarrier
040 _aCO-BoRNBP
_bspa
_erda
_cCO-BoRNBP
999 _c2673
_d2673